INSTRUCTIONS FOR SPORTS MEDICINE PATIENTS + DVD (Record no. 801407)

MARC details
000 -LEADER
fixed length control field 00403pam a2200157 a 4500
020 ## - INTERNATIONAL STANDARD BOOK NUMBER
International Standard Book Number 9781416056508
Terms of availability
041 ## - LANGUAGE CODE
Language code of text/sound track or separate title eng
082 ## - DEWEY DECIMAL CLASSIFICATION NUMBER
Classification number 617.3
Item number SAF
100 ## - MAIN ENTRY--PERSONAL NAME
Personal name SAFRAN M.R.ZACHAZEWSKI J.,STONE D.A.
245 ## - TITLE STATEMENT
Title INSTRUCTIONS FOR SPORTS MEDICINE PATIENTS + DVD
Medium Textual Documents
250 ## - EDITION STATEMENT
Edition statement 2.
260 ## - PUBLICATION, DISTRIBUTION, ETC.
Name of publisher, distributor, etc. SAUNDERS
Date of publication, distribution, etc. 2012
300 ## - PHYSICAL DESCRIPTION
Extent 1309:
Other physical details XV;
Dimensions PB+
Accompanying material DVD.
650 ## - SUBJECT ADDED ENTRY--TOPICAL TERM
Topical term or geographic name entry element ORTHO
930 ## - EQUIVALENCE OR CROSS-REFERENCE-UNIFORM TITLE HEADING [LOCAL, CANADA]
Uniform title 6880
Holdings
Withdrawn status Lost status Damaged status Not for loan Collection Home library Current library Date acquired Source of acquisition Cost, normal purchase price Total Checkouts Full call number Barcode Date last seen Copy number Price effective from Koha item type
          Medical College & Hospital, Sangli Medical College & Hospital, Sangli 08/10/2015 B.M.S.G.B.PUNE 4894.95   617.3 SAF MCS-12512 26/07/2023 1 26/07/2023 Book